|
|
|
|
| LEADER |
02021nam a2200505 a 4500 |
| 001 |
nkc20112173824 |
| 003 |
CZ PrNK |
| 005 |
20111109175326.0 |
| 007 |
ta |
| 008 |
111006s2010 xr a e p 000 0 cze |
| 015 |
|
|
|a cnb002173824
|
| 020 |
|
|
|a 978-80-7414-321-2
|q (brož.)
|
| 035 |
|
|
|a (OCoLC)768556014
|
| 040 |
|
|
|a BOA001
|b cze
|d ABA001
|
| 072 |
|
7 |
|a 376
|x Výchova a vzdělávání zvláštních skupin osob
|2 Konspekt
|9 22
|
| 072 |
|
7 |
|a 37.016
|x Učební osnovy. Vyučovací předměty. Učebnice
|2 Konspekt
|9 22
|
| 080 |
|
|
|a 316.344.6-056.26/.3-053.2
|2 MRF
|
| 080 |
|
|
|a 376
|2 MRF
|
| 080 |
|
|
|a 37.015.3
|2 MRF
|
| 080 |
|
|
|a (075.8)
|2 MRF
|
| 100 |
1 |
|
|a Kulhánková, Radka,
|d 1977-
|7 xx0099129
|4 aut
|
| 245 |
1 |
0 |
|a Pedagogicko-psychologická problematika znevýhodněných žáků a možnosti intervence /
|c Radka Kulhánková
|
| 250 |
|
|
|a 1. vyd.
|
| 260 |
|
|
|a V Ústí nad Labem :
|b Univerzita J.E. Purkyně,
|c 2010
|
| 300 |
|
|
|a 47 s. :
|b barev. il. ;
|c 30 cm
|
| 490 |
1 |
|
|a Skripta
|
| 500 |
|
|
|a Nad názvem: Univerzita Jana Evangelisty Purkyně, Pedagogická fakulta, katedra psychologie
|
| 500 |
|
|
|a 500 výt.
|
| 504 |
|
|
|a Obsahuje bibliografii
|
| 650 |
0 |
7 |
|a děti se zdravotním postižením
|7 ph116745
|2 czenas
|
| 650 |
0 |
7 |
|a speciální pedagogika
|7 ph116230
|2 czenas
|
| 650 |
0 |
7 |
|a pedagogická psychologie
|7 ph124012
|2 czenas
|
| 650 |
0 |
9 |
|a children with disabilities
|2 eczenas
|
| 650 |
0 |
9 |
|a special education
|2 eczenas
|
| 650 |
0 |
9 |
|a educational psychology
|2 eczenas
|
| 655 |
|
7 |
|a učebnice vysokých škol
|7 fd133772
|2 czenas
|
| 655 |
|
9 |
|a textbooks (higher)
|2 eczenas
|
| 710 |
2 |
|
|a Univerzita J.E. Purkyně v Ústí nad Labem.
|b Katedra psychologie
|7 kn20020411006
|
| 810 |
2 |
|
|a Univerzita J.E. Purkyně v Ústí nad Labem.
|t Skripta
|0 s
|
| 910 |
2 |
|
|a BOA001
|b 4-1272.305
|
| 928 |
9 |
|
|a Univerzita J.E. Purkyně v Ústí nad Labem
|
| 990 |
|
|
|a BK
|
| 995 |
|
|
|a 01
|
| 991 |
|
|
|b 201111
|c NOV
|e n
|
| 996 |
6 |
|
|b 2610490162
|c 4-1272.305
|l MZK
|r Sklad / do 1 hodiny
|n 0
|p p.v.
|w 001205556
|u 000010
|a 1
|e BOA001
|j MZK50
|s P
|